| 000 | 01115nam a2200229 i 4500 | ||
|---|---|---|---|
| 001 | 149728 | ||
| 003 | ES-MaACL | ||
| 005 | 20250730172206.0 | ||
| 007 | t| | ||
| 008 | 071024s1956 cu ||||1| spa d | ||
| 100 | 1 |
_aVarona, Enrique José ( _d1849-1933) _9153535 |
|
| 245 | 1 | 0 |
_aObservaciones lexicológicas y gramaticales : _b(compilación de artículos... del primer director que tuvo la Academia Cubana de la Lengua, que... presenta al II Congreso de Academias de la Lengua, que bajo los auspicios de la Real Academia Española se celebrará en Madrid del 21 al 2 de mayo del año en curso) ) / _cEnrique José Varona. |
| 260 |
_aLa Habana : _bP. Fernández y Cia, _c1956. |
||
| 300 |
_a58 p. ; _c25 cm. |
||
| 490 | 1 | _aPublicaciones de la Academia Cubana de la Lengua | |
| 650 | 0 | 7 |
_aLengua española _2embne _914115 |
| 710 | 0 |
_aAcademia Cubana de la Lengua. _91158 |
|
| 711 | 0 | 4 |
_aCongreso de Academias de la Lengua Española ( _n2º. _d1956. _cMadrid) _9291 |
| 830 | 0 |
_aPublicaciones de la Academia Cubana de la Lengua _9221108 |
|
| 852 |
_aES-MaACL _j2014-F-14 _bR.38897 |
||
| 999 |
_c149728 _d149728 |
||